00718 a2200181 45000010006000000050017000060080041000230030015000640400040000790800087001192450146002060200018003522640083003703000018004530410008004711000029004797000028005085855720260407155841.0260407a1995 arg spa dAR-UNSa-BCEJYS aAR-UNSa-BCEJYSbspacAR-UNSa-BCEJYS a351.94xControl de la administración por los tribunales (Tribunales de cuentas) 10aFunción fiscalizadora de los tribunales de cuentas y su relación con el parlamentobFunción jurisdiccional de los tribunales de cuentas a950-9834-70-X 1aSalta :bComisión Bicameral Examinadora de Obras de Autores Salteñosc1995 a87 p.c22 cm. aspa1 aMuñoz Alvarez, Ramón1 aSalgado Pérez, Carlos